| 000 | 00683aam a2200217 4500 | ||
|---|---|---|---|
| 005 | 20161115141718.0 | ||
| 008 | 150610b xxu||||| |||| 00| 0 spa d | ||
| 041 | _aEspañol | ||
| 082 | _a1.1.8 A327c | ||
| 100 |
_aAlvarez Masis,Yanory _912929 |
||
| 245 | _aCocina Tradicional Costarricense 1: Guanacaste y Región Central de Puntarenas | ||
| 260 |
_aCosta Rica _bMinisterio de Cultura y Juventud _c2005 |
||
| 300 | _a210 páginas | ||
| 650 |
_aCOSTA RICA _931616 |
||
| 650 |
_aCOCINA COSTARRICENSE _93115 |
||
| 650 |
_aRECETAS _93116 |
||
| 650 |
_aCOCINA PUNTARENENSE _924031 |
||
| 650 |
_aCOCINA GUANACASTECA _915226 |
||
| 650 |
_aCOMIDAS TRADICIONALES _924032 |
||
| 942 | _cBK | ||
| 999 |
_c2748 _d2748 |
||